Corporate governance :an emerging economy perspective

সংরক্ষণ করুন:
গ্রন্থ-পঞ্জীর বিবরন
প্রধান লেখক: AKATA, Grant Onokurefe
বিন্যাস: গ্রন্থ
ভাষা:ইংরেজি
প্রকাশিত: University Press 2017
ট্যাগগুলো: ট্যাগ যুক্ত করুন
কোনো ট্যাগ নেই, প্রথমজন হিসাবে ট্যাগ করুন!

MARC

LEADER 00000nam a22000007a 4500
008 240830b |||||||| |||| 00| 0 eng d
020 |a 9789789402069 
100 |a AKATA, Grant Onokurefe 
245 |a Corporate governance  |b :an emerging economy perspective  |c /Grant Onokurefe Akata  |g xxiii, 329p 
260 |b University Press  |c 2017  |h Ibadan  |i 701609  |i 701612  |l HD2741.Ak1  |m Corporate governance-Nigeria  |m Stock exchange 
500 |a it includes references and index 
942 |a lcc  |c BK  |e Johnson  |f 30/08/24 
952 |0 0  |1 0  |2 lcc  |4 0  |6 HD2741 A K1  |7 0  |9 5553  |a SSL  |b HOL  |c GJ  |d 2024-08-30  |l 0  |o HD2741.Ak1  |p 2024-0792  |r 2024-08-30 00:00:00  |t 701609  |w 2024-08-30  |y BK 
952 |0 0  |1 0  |2 lcc  |4 0  |6 HD2741 A K1  |7 0  |9 5554  |a SSL  |b HOL  |c GJ  |d 2024-08-30  |l 0  |o HD2741.Ak1  |p 2024-0793  |r 2024-08-30 00:00:00  |t 701612  |w 2024-08-30  |y BK 
999 |c 2742  |d 2742